000 00975nam a2200229Ia 4500
003 Ost
005 20260507075357.0
008 260507s9999||||xx |||||||||||||| ||und||
020 _a75255309779
040 _cfsecg
041 _aara
082 _a330
100 _aالسيسي، صلاح الدين حسن
_eمؤلف
245 0 _aالتجارة الدولية والصيرفة الإلكترونية :
_bالنظريات والسياسات /
_c صلاح الدين حسن السيسي
260 _aالقاهرة:
_bدار الكتاب الحديث,
_c2014
300 _a223 صفحة؛
_bإيضاحات ؛
_c25 سم
504 _aكشاف مصطلحات ص.201 المراجع ص.215
520 _aالتجارة الدولية- ميزان المدفوعات الدولية وسعر الصرف الأجنبي وأسواق العملة الأجنبية
653 _aالإقتصاد الدولي
653 _aالتجارة الخارجية
942 _cكتاب
999 _c44246
_d44246